[Event "UK-ch Blitz (Women)"]
[Site "Leamington Spa"]
[Date "2022.12.03"]
[Round "5"]
[White "Hryshchenko, Kamila"]
[Black "Mirzoeva, Elmira"]
[Result "0-1"]
[WhiteElo "2039"]
[BlackElo "2120"]
[PlyCount "82"]
[EventDate "2022.12.03"]
[EventType "tourn (blitz)"]
[EventRounds "15"]
[EventCountry "ENG"]
[SourceTitle "CBM 211 Extra"]
[Source "ChessBase"]
[SourceDate "2023.01.31"]
[SourceVersion "1"]
[SourceVersionDate "2023.01.31"]
[SourceQuality "1"]

1. e4 c6 2. d4 d5 3. e5 Bf5 4. Be3 e6 5. Nd2 Qb6 6. Qc1 Nd7 7. Ngf3 c5 8. c4 Be4 9. cxd5 exd5 10. Be2 cxd4 11. Nxd4 Bc5 12. N2b3 Bb4+ 13. Kf1 Qg6 14. f3 Bd3 15. Qc7 Bxe2+ 16. Nxe2 Ne7 17. Qxb7 Rb8 18. Qxa7 Qd3 19. Qd4 Qb5 20. Qg4 0-0 21. Nbd4 Qd3 22. Bh6 Ng6 23. Bf4 Ndxe5 24. Bxe5 Nxe5 25. Qf4 Nc4 26. Kf2 Bd2 27. Qf5 Be3+ 28. Kf1 Qd2 29. Qc2 Rxb2 30. Qxd2 Nxd2+ 31. Ke1 Nc4 32. Nf5 Bd2+ 33. Kf1 Re8 34. Ned4 g6 35. Nh6+ Kg7 36. Ng4 h5 37. Nf2 Ne3+ 38. Kg1 Nc2 39. Nd3 Nxa1 40. Nxb2 Re1+ 41. Kf2 Rxh1 0-1

[Event "UK-ch Blitz (Women)"]
[Site "Leamington Spa"]
[Date "2022.12.03"]
[Round "15"]
[White "Mirzoeva, Elmira"]
[Black "Dicen, Elis Denele"]
[Result "1-0"]
[WhiteElo "2120"]
[BlackElo "1618"]
[PlyCount "119"]
[EventDate "2022.12.03"]
[EventType "tourn (blitz)"]
[EventRounds "15"]
[EventCountry "ENG"]
[SourceTitle "CBM 211 Extra"]
[Source "ChessBase"]
[SourceDate "2023.01.31"]
[SourceVersion "1"]
[SourceVersionDate "2023.01.31"]
[SourceQuality "1"]

1. d4 d5 2. c4 e6 3. Nf3 Nf6 4. Nc3 Be7 5. Bg5 Nbd7 6. e3 h6 7. Bh4 0-0 8. Qc2 c6 9. Rd1 a6 10. a3 dxc4 11. Bxc4 b5 12. Bd3 Bb7 13. 0-0 Rc8 14. b4 Nd5 15. Bxe7 Qxe7 16. Ne4 Ra8 17. Qb3 a5 18. Nc5 Nxc5 19. bxc5 a4 20. Qb2 Rab8 21. e4 Nf4 22. Bb1 Rfd8 23. Ne5 Qg5 24. g3 Ng6 25. f4 Qe7 26. Nd3 Nf8 27. Nb4 Rd7 28. Qc3 Rbd8 29. Rd2 Ba8 30. Rfd1 f6 31. Ba2 Kh8 32. Kf2 Kh7 33. Bb1 Kh8 34. Kg1 Bb7 35. d5 exd5 36. exd5 Rc8 37. d6 Qe6 38. Ba2 Qe8 39. Qd3 Rcd8 40. Re2 Qg6 41. Qxg6 Nxg6 42. Rde1 Nf8 43. Re8 Kh7 44. R1e7 Rxe8 45. Rxe8 Ng6 46. Bb1 h5 47. h3 Kh6 48. Kf2 Kh7 49. Re7 Rxe7 50. dxe7 Bc8 51. e8Q Bb7 52. Qxg6+ Kg8 53. Ba2+ Kh8 54. Bb1 Kg8 55. Be4 Kf8 56. Bb1 Kg8 57. Ba2+ Kh8 58. Qe8+ Kh7 59. Bb1+ Kh6 60. Qg6# 1-0

[Event "Titled Tuesday intern op 25th Oct Late"]
[Site "Chess.com INT"]
[Date "2022.10.25"]
[Round "5"]
[White "Mirzoeva, Elmira"]
[Black "Arabidze, Meri"]
[Result "0-1"]
[WhiteElo "2261"]
[BlackElo "2422"]
[PlyCount "170"]
[EventDate "2022.10.25"]
[EventType "swiss (blitz)"]
[EventRounds "11"]
[EventCountry "USA"]
[SourceTitle "EXT 2024"]
[Source "ChessBase"]
[SourceDate "2023.10.10"]
[SourceVersion "1"]
[SourceVersionDate "2023.10.10"]
[SourceQuality "1"]

1. d4 Nf6 2. c4 e6 3. Nf3 Bb4+ 4. Nbd2 b6 5. a3 Bxd2+ 6. Qxd2 Bb7 7. e3 Ne4 8. Qc2 0-0 9. Be2 f5 10. b4 d6 11. 0-0 Nd7 12. Bb2 Qe7 13. d5 e5 14. Ne1 g6 15. f3 Nef6 16. Bc3 Rac8 17. b5 Nc5 18. Nd3 Nfd7 19. Nb4 a5 20. bxa6 Nxa6 21. a4 Nxb4 22. Bxb4 c6 23. dxc6 Bxc6 24. Qd2 Nc5 25. Rfb1 Ra8 26. a5 bxa5 27. Bxc5 dxc5 28. Rxa5 e4 29. f4 Rad8 30. Qc3 Rd7 31. Ra6 Bb7 32. Rab6 Rfd8 33. h3 Bc8 34. R1b2 Rd6 35. Rb8 Be6 36. Qa5 Kg7 37. R2b7 R8d7 38. Qa7 Kh6 39. Kh2 Rd2 40. Rxd7 Rxd7 41. Qa1 Rd2 42. Bf1 Qf7 43. Qe5 Bxc4 44. Bxc4 Qxc4 45. Qf6 Rxg2+ 46. Kxg2 Qe2+ 47. Kg3 Qe1+ 48. Kg2 Qe2+ 49. Kg3 Qxe3+ 50. Kg2 Qe2+ 51. Kg3 Qf3+ 52. Kh2 Qxf4+ 53. Kg1 Qg3+ 54. Kf1 Qxb8 55. Qh4+ Kg7 56. Qe7+ Kg8 57. Qxc5 Qf4+ 58. Ke1 Qg3+ 59. Kd1 Qd3+ 60. Kc1 Qd7 61. Qc4+ Kf8 62. Qc5+ Ke8 63. Qe5+ Kf7 64. Qf4 Qc6+ 65. Kd1 Qd5+ 66. Kc1 Qc4+ 67. Kd1 Qd3+ 68. Ke1 Qc3+ 69. Kf1 Qf3+ 70. Qxf3 exf3 71. Kf2 g5 72. Kxf3 h5 73. Kg3 f4+ 74. Kf3 h4 75. Kg4 Kf6 76. Kf3 Kf5 77. Kf2 g4 78. hxg4+ Kxg4 79. Kg2 f3+ 80. Kf2 h3 81. Kg1 Kg3 82. Kh1 Kf2 83. Kh2 Ke2 84. Kxh3 f2 85. Kg3 f1Q 0-1